Most Popular Girls Names in Kansas - Statistics

General Stats
  • This quiz has been taken 116 times
  • The average score is 10 of 21
Answer Stats
Hint Answer % Correct
2001-12 Emma
78%
1991-2008 Emily
72%
1980-95 Jessica
70%
1980-87 Jennifer
67%
2005, 2008-12 Olivia
64%
1980-84, 1986-94 Sarah
60%
1996-03 Hannah
57%
2006-12 Ava
55%
2009-12 Isabella
53%
1983-1997 Ashley
47%
2002-06, 2009 Abigail
44%
1980-92 Amanda
43%
1996-08 Madison
43%
2010-12 Sophia
43%
2004 Grace
42%
1989-90, 1995 Samantha
41%
1985, 1988 Megan
36%
1980-82 Melissa
34%
2007 Addison
28%
1993-2000 Taylor
21%
1998-01 Alexis
20%
No matching quizzes found
Score Distribution
Percent of People with Each Score
Percentile by Number Answered
Your Score History
You have not taken this quiz